000 01503nam a22002657a 4500
003 Uzh_bibl
008 260326b |||||||| |||| 00| 0 ukr d
020 _a978-617-8429-06-5
_c270.00
040 _bукр.
041 _2ukr
_aukr
080 _a821(477)
090 _a821(477)
_bГ 79
100 _a Гребеньовська,Юлія
245 _aКоли ти....
_hТекст
260 _aКиїв
_bДитячий фонд ООН (ЮНІСЕФ) в Україн
_c2025
300 _a176 с.
_bіл.
_fВ опр.
520 _aКоли ти…» — це збірка з десяти історій про емоції та внутрішні стани, які переживає кожна дитина. Від радості й збудження до страху, сорому чи злості — кожне почуття тут пояснене з турботою, без осуду та складних слів. Книга допомагає дітям упізнавати власні емоції, говорити про них і знаходити способи впоратися з непростими переживаннями.
521 _aДля дошкільного та шкільного віку
546 _aукр.
650 _aЛітературно-художне видання
653 _aЕмоції
_aОбрази
_aПсихолог
655 _aДитяча література
700 _aЛук’янчук ,А.
942 _2udc
_cBK
999 _c17200
_d17200